UBT Library

American government : (Record no. 43567)

000 -LEADER
fixed length control field 00830nam a2200277 a 4500
001 - CONTROL NUMBER
control field 4036991
005 - DATE AND TIME OF LATEST TRANSACTION
control field 20180227042953.0
008 - FIXED-LENGTH DATA ELEMENTS--GENERAL INFORMATION
fixed length control field 980713s1999 txuab b 001 0 eng d
010 ## - LIBRARY OF CONGRESS CONTROL NUMBER
LC control number 98071720
020 ## - INTERNATIONAL STANDARD BOOK NUMBER
International Standard Book Number 0155018612
035 ## - SYSTEM CONTROL NUMBER
System control number (OCoLC)40700727
035 ## - SYSTEM CONTROL NUMBER
System control number NNRB (FY0690(00)) RC
040 ## - CATALOGING SOURCE
Original cataloging agency NjPRFB
Transcribing agency NjPRFB
Modifying agency DLC
041 ## - LANGUAGE CODE
Language code of text/sound track or separate title eng
042 ## - AUTHENTICATION CODE
Authentication code lccopycat
043 ## - GEOGRAPHIC AREA CODE
Geographic area code n-us---
080 ## - UNIVERSAL DECIMAL CLASSIFICATION NUMBER
Universal Decimal Classification number 320.973
082 00 - DEWEY DECIMAL CLASSIFICATION NUMBER
Classification number 320.973 JILL
Edition number 21
100 1# - Rafti
Rafti 20
101 ## - Shkurtesa
Shkurtesa SHP
245 10 - TITLE STATEMENT
Title American government :
Statement of responsibility, etc Cal Jillson.
504 ## - BIBLIOGRAPHY, ETC. NOTE
Bibliography, etc Includes bibliographical references and index.
906 ## - LOCAL DATA ELEMENT F, LDF (RLIN)
a 7
b cbc
c copycat
d 2
e opcn
f 19
g y-gencatlg
942 ## - ADDED ENTRY ELEMENTS (KOHA)
Source of classification or shelving scheme
Item type Books
Holdings
Withdrawn status Lost status Source of classification or shelving scheme Damaged status Not for loan Collection code Permanent location Current location Shelving location Date acquired Total Checkouts Full call number Barcode Date last seen Price effective from Koha item type
          Koleksioni i përgjithshem UBT - Lipjan UBT - Lipjan Koleksioni i përgjithshem 02/27/2018   320.973 JILL 002-3000172 02/27/2018 02/27/2018 Books
UBT Library © 2015-2024. All rights reserved University Education for Business and Technology